01086nam a2200193Ia 4500008004100000020001500041050002300056100003600079240008500115245016300200250001800363260003800381300005000419500009000469505023900559650001400798700003400812700004600846120625s2001 mx r 001 0 spa d a9584102028 4aQA303 bH6418 20011 aHoffman, Laurence D. e, autor 10aCalculus. For Business, Economics and the Social and Life Sciences. lEspañol 10aCalculob : para administracion, economia, ciencias biológicas y sociales c / Laurence D. Hoffman, Gerald L. Bradley ; traducción Yelka María García  a7a edición  aMéxicob : McGraw Hill c, 2001 axxi, 808 páginas c ; 27 cm. e + 1 CD-ROM  aTítulo original: Calculus. For Business, Economics and the Social and Life Sciences0 aFunciones, gráficas y límites Derivación: conceptos básicos Aplicaciones adicionales de la derivada Funciones exponenciales y logarítmicas Integración Temas adicionales de integración Cálculo de varias variables  4aCÁLCULO1 aBradley, Gerald L. e, autor 1 aGarcía, Yelka María e, traducción